000 00306 a2200145 4500
001 165451
020 _a
040 _cMagnum
100 _aMarcellino, Nelson Carvalho (Org)
240 1 0 _aLazer e empresa
_lpor
245 1 0 _aLazer e empresa
362 0 _a1899
697 _aADMINISTRACAO
942 _cBK
999 _c165451
_d165451